| 000 | 01066cam a2200241 4500 | ||
|---|---|---|---|
| 001 | WB3938-02 | ||
| 008 | 031008n2003 000 0 eng u | ||
| 035 | _a(Sirsi) u123865 | ||
| 245 | _aIPD Monthly Index for August | ||
| 260 | _c2003 | ||
| 490 |
_aIPD Press Release _vAugust 2003,(2) |
||
| 520 | _aThe IPD Monthly Index is based on property, unit trusts, pooled pension schemes and unit-linked insurance. It's end of August report, indicates that total returns for property remaining stable at 0.8. Capital values rose by 0.2%, whilst yields have continued to fall. Rental values have also fallen but property has had the highest total return over the year to date | ||
| 590 | _aWB | ||
| 650 | _aIPD MONTHLY INDEX | ||
| 650 | _aPROPERTY-COMMERCIAL PROPERTY | ||
| 650 |
_aInvestments _96250 |
||
| 650 | _aRETAIL | ||
| 650 | _aOFFICE | ||
| 650 | _aINDUSTRIAL | ||
| 690 | _aPROPERTY-COMMERCIAL PROPERTY | ||
| 856 |
_uhttps://www.ipdindexd.co.uk/results/indices/uk_monthly/index_uk_monthly.html _zView a brief report of the data online... |
||
| 942 | _n0 | ||
| 999 |
_c73567 _d73567 |
||